Hodnocení informací o obchodních partnerech

Význam informácií v obchodnom styku o odberateľoch, sprostredkovateľoch, distribútoroch. Prehľad potrebných informácií o stávajúcich a budúcich obchodných partneroch a priblíženie spôsobu ich hodnotenia. Zložka informácií o obchodných partneroch.

Saved in:
Bibliographic Details
Main Author: Urbánek, Jan
Format: Book Chapter
Language:Czech
Subjects:
Tags: Add Tag
No Tags, Be the first to tag this record!

MARC

LEADER 00000naa a2200000 4500
001 r043484
005 20230908092050.0
041 0 |a cze 
044 |a CZ 
245 1 0 |a Hodnocení informací o obchodních partnerech  |c Jan Urbánek 
520 |a Význam informácií v obchodnom styku o odberateľoch, sprostredkovateľoch, distribútoroch. Prehľad potrebných informácií o stávajúcich a budúcich obchodných partneroch a priblíženie spôsobu ich hodnotenia. Zložka informácií o obchodných partneroch. 
610 2 0 |a partneri obchodní 
610 2 0 |a informácie 
610 2 0 |a získavanie informácií 
610 2 0 |a riziko obchodné 
610 2 0 |a riziko podnikateľské 
610 2 0 |a dotazníky 
610 2 0 |a ukazovatele finančné 
610 2 0 |a ukazovatele pomerové 
100 1 |a Urbánek, Jan